Trade among the CEFTA Countries in the mid-1990s How to Promote the Expansion of Intra-Regional Trade Flows in Central Europe

Salvato in:
Dettagli Bibliografici
Autore principale: Tóth, László G.
Natura: Libro
Lingua:inglese
Pubblicazione: Budapest Kopint-Datorg Economic Research, Marketing and Computing Co 1994
Edizione:1. ed.
Serie:Kopint-Datorg. Discussion Papers No. 27
Soggetti:
Tags: Aggiungi Tag
Nessun Tag, puoi essere il primo ad aggiungerne!!

MARC

LEADER 00000nam a2200000 4500
001 c014190
005 20221214075001.9
020 |a 963-7852-86-7 
041 0 |a eng 
044 |a HU 
245 1 0 |a Trade among the CEFTA Countries in the mid-1990s  |b How to Promote the Expansion of Intra-Regional Trade Flows in Central Europe  |c László G. Tóth 
250 |a 1. ed. 
264 1 |a Budapest  |b Kopint-Datorg Economic Research, Marketing and Computing Co  |c 1994 
300 |a 49 s. 
490 1 |a Kopint-Datorg. Discussion Papers  |v No. 27 
830 0 |a Kopint-Datorg. Discussion Papers  |v No. 27 
610 2 0 |a obchod zahraničný 
610 2 0 |a stredná Európa 
100 1 |a Tóth, László G.